India or Nepal? - Statistics

General Stats
  • This quiz has been taken 33 times
  • The average score is 13 of 16
Answer Stats
Question Answer % Correct
Larger by land
100%
Larger by population
97%
Borders China Both
97%
Home to Mount Everest
94%
Believe in Hinduism Both
94%
Richer in GDP Nominal
91%
More Temples
88%
Official flag is a triangular flag
84%
Birthplace of Lord Buddha
81%
Richer in GDP Per Capita
78%
One major international airport
75%
LAST QUESTION: Disputes over Kalpani River Both
66%
Home of these pilgrimage sites: Badrinath,Dwarka & Kedarnath
63%
Borders Thailand None of the above
59%
National animal is cow
53%
BONUS QUESTION: Use Devanagari script Both
47%
No matching quizzes found
Score Distribution
Percent of People with Each Score
Percentile by Number Answered
Your Score History
You have not taken this quiz